000 00804nam a2200253 i 4500
001 180812
003 ES-MaACL
005 20250821102025.0
008 120716s1991 sp a |||| |dspa d
020 _a84-7679-199-2
080 _a75.041.5(460)
080 _a75.034(460)
100 1 _aOllero Butler, Jacobo.
_9151001
245 1 3 _aEl retrato renacentista y barroco /
_cpor Jacobo Ollero Butler.
260 _aMadrid :
_bHistoria Viva,
_c[1991]
300 _aVIII, 31 p. :
_bil. col. y n. ;
_c24 cm.
490 1 _aCuadernos de arte español ;
_v36
504 _aBibliografía: p. 31.
594 _aEn cub.: Historia 16.
650 4 _aPintura de retrato-
_zEspaña.
_9151002
830 0 0 _aCuadernos de arte español
_v36
_9191338
852 _aES-MaACL
_j2314-F-12
999 _c180812
_d180812